ბათუმის შოთა რუსთაველის სახელმწიფო უნივერსიტეტის ბიბლიოთეკა

უცნობი ჯარისკაცი (ბიბ.ჩანაწერი № 50260)

000 -LEADER
fixed length control field 00704nam a2200229Ia 4500
001 - CONTROL NUMBER
control field 17198
003 - CONTROL NUMBER IDENTIFIER
control field GE_BSU
008 - FIXED-LENGTH DATA ELEMENTS--GENERAL INFORMATION
fixed length control field 181216s||||||||xx |||||||||||||| ||und||
040 ## - CATALOGING SOURCE
Transcribing agency GE_BSU
080 ## - UNIVERSAL DECIMAL CLASSIFICATION NUMBER
Universal Decimal Classification number 821.161.1-32
100 ## - MAIN ENTRY--PERSONAL NAME
Personal name რიბაკოვი, ანატოლი
245 ## - TITLE STATEMENT
Title უცნობი ჯარისკაცი
245 ## - TITLE STATEMENT
Remainder of title მოთხრობა
245 ## - TITLE STATEMENT
Statement of responsibility, etc. თარგმნა გ. დვალიშვილმა
260 ## - PUBLICATION, DISTRIBUTION, ETC.
Place of publication, distribution, etc. თბილისი
260 ## - PUBLICATION, DISTRIBUTION, ETC.
Name of publisher, distributor, etc. ნაკადული
260 ## - PUBLICATION, DISTRIBUTION, ETC.
Date of publication, distribution, etc. 1976
300 ## - PHYSICAL DESCRIPTION
Extent 177გვ. ; 20სმ.
653 ## - INDEX TERM--UNCONTROLLED
Uncontrolled term მოთხრობა
653 ## - INDEX TERM--UNCONTROLLED
Uncontrolled term უცნობი ჯარისკაცი
942 ## - ADDED ENTRY ELEMENTS (KOHA)
Koha item type წიგნი
ეგზემპლარები
Withdrawn status Lost status Damaged status Not for loan Date acquired Barcode Date last seen Price effective from Koha item type
        2018-12-17 21496 2018-12-17 2018-12-17 წიგნი
        2018-12-17 21497 2018-12-17 2018-12-17 წიგნი
        2018-12-17 21498 2018-12-17 2018-12-17 წიგნი
        2018-12-17 21499 2018-12-17 2018-12-17 წიგნი
        2018-12-17 21500 2018-12-17 2018-12-17 წიგნი